3 Best Players From Every Team 2022 - Statistics

General Stats
  • This quiz has been taken 5 times
  • The average score is 18 of 91
Answer Stats
Hint Answer # 's % Correct
2. Austin Riley 2 7
100%
Type Braves are the best 4. Braves are the best 0 0
100%
Braves: 1. Ronald Acuna 1 3
100%
Yankees: 1. Aaron Judge 9 9
50%
3. Anthony Rizzo 4 8
50%
2. Bobby Witt Jr 0 7
50%
Phillies: 1. Bryce Harper 0 3
50%
2. Carlos Correa 0 4
50%
2. Cesar Hernandez 0 1
50%
3. Christian Yelich 2 2
50%
3. CJ Abrams 0 5
50%
Rangers 1. Cory Seager 0 5
50%
Padres 1. Fernando Tatis Jr 2 3
50%
3. Freddie Freeman 0 5
50%
3. George Springer 0 4
50%
Mets 1. Jacob Degrom 4 8
50%
Nationals: 1. Joey Meneses 4 5
50%
2. Joey Votto 1 9
50%
2. Jose Altuve 2 7
50%
Guardians 1. Jose Ramirez 1 1
50%
2. J.T Realmuto 1 0
50%
2. Juan Soto 2 2
50%
Mariners 1. Julio Rodriguez 4 4
50%
3. Max Fried 5 4
50%
2. Max Scherzer 2 1
50%
3. Miguel Cabrera 2 4
50%
Angels 1. Mike Trout 2 7
50%
Dodgers 1. Mookie Betts 5 0
50%
Pirates 1. O'neill Cruz 1 5
50%
2. Sean Murphy 1 2
50%
2. Shohei Ohtani 1 7
50%
2. Teoscar Hernandez 3 7
50%
Blue Jays 1. Vladimir Guerrero Jr 2 7
50%
3. Alaberto Mondesi 2 7
0%
3. Austin Hays 2 1
0%
Giants 1. Brandon Belt 0 9
0%
2. Brandon Woodruff 5 3
0%
Rockies 1. Brendan Rodgers 0 7
0%
3. Bryan Reynolds 1 0
0%
Twins 1. Byron Buxton 2 5
0%
3. Carlos Rodon 1 6
0%
3. Carson Kelly 1 8
0%
Orioles: 1. Cedric Mullins 3 1
0%
2. Cj Cron 2 5
0%
Brewers 1. Corbin Burnes 3 9
0%
2. Cristian Walker 5 3
0%
2. Gerrit Cole 4 5
0%
3. Hunter Greene 2 1
0%
2. Ian Happ 0 8
0%
3. Jack Flaherty 2 2
0%
Tigers 1. Javy Baez 2 8
0%
3. Jazz Chisholm 0 2
0%
3. J.D Martinez 2 8
0%
Reds 1. Jonathan India 0 6
0%
White Sox 1. Jose Abreu 7 9
0%
Astros 1. Justin Verlander 3 5
0%
2. Ke'bryan Hayes 1 3
0%
Diamondbacks 1. Ketel Marte 0 4
0%
3. Kris Bryant 2 3
0%
3. Kyle Schwarber 1 2
0%
2. Logan Webb 6 2
0%
3. Luis Arraez 0 2
0%
3. Luis Robert 8 8
0%
3. Manny Machado 1 3
0%
2. Marcus Semien 0 2
0%
Cubs 1. Marcus Stroman - 0
0%
Athletics 1. Mitch Mooreland 1 8
0%
3. Nathaniel Lowe 3 0
0%
2. Nolan Arenado 2 8
0%
2. Pablo Lopez 4 9
0%
Cardinals 1. Paul Goldschmidt 4 6
0%
Red Sox: 1. Rafael Devers 1 1
0%
Rays 1. Randy Arozarena 5 6
0%
3. Robbie Ray 3 8
0%
Marlins 1. Sandy Alcantara 2 2
0%
3. Seth Brown 1 5
0%
2. Shane Bieber 5 7
0%
2. Shane Mcclanahan 1 8
0%
2. Spencer Torkelson 2 0
0%
3. Starling Marte 0 6
0%
3. Steven Kwan 3 8
0%
3. Taylor Ward 0 3
0%
2. Tim Anderson 0 7
0%
2. Trea Turner 0 6
0%
2. Trey Mancini 2 6
0%
2. Ty France 2 3
0%
3. Wander Franco 0 5
0%
Royals 1. Whit Merrifield 0 1
0%
3. Wilson Contreras 4 0
0%
2. Xander Bogaerts 0 2
0%
3. Yordan Alvarez 4 4
0%
No matching quizzes found
Score Distribution
Percent of People with Each Score
Percentile by Number Answered
Your Score History
You have not taken this quiz